El imperio alemán / (Record no. 67353)

MARC details
000 -LEADER
campo de control de longitud fija 00907nam a2200289 i 4500
001 - NÚMERO DE CONTROL
campo de control 67353
003 - IDENTIFICADOR DE NÚMERO DE CONTROL
campo de control ES-MaACL
005 - FECHA Y HORA DE LA ÚLTIMA TRANSACCIÓN
campo de control 20230906170042.0
007 - CAMPO FIJO DE DESCRIPCIÓN FÍSICA--INFORMACIÓN GENERAL
campo de control de longitud fija t|
008 - DATOS DE LONGITUD FIJA--INFORMACIÓN GENERAL
campo de control de longitud fija 040520s2003 sp ||||0| spa d
020 ## - NÚMERO INTERNACIONAL ESTÁNDAR DEL LIBRO
Número Internacional Estándar del Libro 84-397-0977-3
040 ## - FUENTE DE CATALOGACIÓN
Centro catalogador/agencia de origen M-BN
Lengua de catalogación spa
Centro/agencia transcriptor M-BN
080 ## - NÚMERO DE LA CLASIFICACIÓN DECIMAL UNIVERSAL
Número de la Clasificación Decimal Universal 94(430)"1871/1918"
100 1# - ENTRADA PRINCIPAL--NOMBRE DE PERSONA
Nombre de persona Stürmer, Michael.
9 (RLIN) 108517
245 13 - MENCIÓN DEL TÍTULO
Título El imperio alemán /
Mención de responsabilidad, etc. Michael Stürmer ; traducción de Lluís Miralles de Imperial.
250 ## - MENCION DE EDICION
Mención de edición 1ª ed.
260 ## - PUBLICACIÓN, DISTRIBUCIÓN, ETC.
Lugar de publicación, distribución, etc. Barcelona :
Nombre del editor, distribuidor, etc. Mondadori,
Fecha de publicación, distribución, etc. 2003.
300 ## - DESCRIPCIÓN FÍSICA
Extensión 251 p. :
Otras características físicas mapas ;
Dimensiones 20 cm.
490 1# - MENCIÓN DE SERIE
Mención de serie Breve historia universal
504 ## - NOTA DE BIBLIOGRAFÍA, ETC.
Nota de bibliografía, etc. Bibliografía: p. [241]-243. Indice.
651 #4 - PUNTO DE ACCESO ADICIONAL DE MATERIA--NOMBRE GEOGRÁFICO
Nombre geográfico Alemania-
Subdivisión general Historia-
Subdivisión cronológica 1871-1918.
9 (RLIN) 7660
700 1# - ENTRADA AGREGADA--NOMBRE PERSONAL
Nombre de persona Miralles de Imperial Llobet, Lluís.
9 (RLIN) 81498
830 0# - PUNTO DE ACCESO ADICIONAL DE SERIE-TÍTULO UNIFORME
Título uniforme Breve historia universal
9 (RLIN) 180650
852 ## - LOCALIZACIÓN
Ubicación ES-MaACL
Número de control de estantería L-27594
Sublocalización o colección R.133095
Holdings
Estatus retirado Estado de pérdida Estado de daño No para préstamo Biblioteca de origen Biblioteca actual Ubicación en estantería Fecha de adquisición Fuente de adquisición Total de préstamos Signatura topográfica completa Código de barras Visto por última vez Precio de reemplazo Tipo de ítem Koha
        Biblioteca del Ateneo de Madrid Biblioteca del Ateneo de Madrid Depósito 2 17/01/2008     L-27594 1070531 23/02/2023 23/02/2023 Libro impreso